=LDR 00000nam 2200000 4500 =001 INLIS000000000050863 =005 20200313033827 =035 ##$$a 0010-0817000046 =007 ta =008 200313################g##########0#ind## =020 ##$$a 978-979-039-128-4 =082 ##$$a 297.617 7 =084 ##$$a 297.617 7 Sai k =100 #$$a Sa'id Hammad =245 1#$$a Khasiat Kurma /$c Prof. Dr. Sa'id Hammad; Penerjemah, Muhammad Suhadi; Editor, Yasir Amri =260 ##$$a Solo :$b Aqwa Medika,$c 2011 =300 ##$$a x, 152 hlm : $b ilus. ; $c 21 cm =650 #4$$a Islam dan Kesehatan =700 #$$a Muhammad Suhadi =700 #$$a Yasir Amri =990 ##$$a 31701747